Rural development and factional politics (Record no. 345440)

000 -LEADER
fixed length control field 00358cam a22001217a 4500
008 - FIXED-LENGTH DATA ELEMENTS--GENERAL INFORMATION
fixed length control field 180718b1988 xxu||||| |||| 00| 0 eng d
082 ## - DEWEY DECIMAL CLASSIFICATION NUMBER
Classification number B136x54 G969 CRS
100 ## - MAIN ENTRY--PERSONAL NAME
Personal name Gurumurthy, K.G.
245 ## - TITLE STATEMENT
Title Rural development and factional politics
Statement of responsibility, etc. by K.G. Gurumurthy
260 ## - PUBLICATION, DISTRIBUTION, ETC.
Place of publication, distribution, etc. New Delhi
Name of publisher, distributor, etc. Raliance
Date of publication, distribution, etc. 1988
300 ## - PHYSICAL DESCRIPTION
Extent 189p.
650 ## - SUBJECT ADDED ENTRY--TOPICAL TERM
Topical term or geographic name entry element Rural development - India
Holdings
Withdrawn status Lost status Damaged status Not for loan Permanent Location Current Location Date acquired Full call number Barcode Date last seen Price effective from Koha item type
        Indian Institute of Public Administration Indian Institute of Public Administration 1993-10-07 B136x54 G969 CRS 64180 2018-07-21 2018-07-21 Book

Powered by Koha